Central Library OPAC University of Rajshahi
Normal view MARC view

Entry Geographic Name

Number of records used in: 2

001 - CONTROL NUMBER

  • control field: 15838

003 - CONTROL NUMBER IDENTIFIER

  • control field: BD-RjUL

005 - DATE AND TIME OF LATEST TRANSACTION

  • control field: 20250628144108.0

008 - FIXED-LENGTH DATA ELEMENTS

  • fixed length control field: 250628|| aca||aabn | a|a d

040 ## - CATALOGING SOURCE

  • Original cataloging agency: BD-RjUL
  • Transcribing agency: BD-RjUL

151 ## - HEADING--GEOGRAPHIC NAME

  • Geographic name: Great Britain
  • General subdivision: Social life and customs
  • Chronological subdivision: 17th century

670 ## - SOURCE DATA FOUND

  • Source citation: Work cat.: (BD-RjUL)85084: Osborne, Dorothy, 1627-1695. 15834, The letters from Dorothy Osborne to Sir William Temple./, [1932]